| 000 -LEADER | |
|---|---|
| fixed length control field | 00446nam a22001577a 4500 |
| 020 ## - INTERNATIONAL STANDARD BOOK NUMBER | |
| ISBN | 0538876697 |
| 050 ## - LIBRARY OF CONGRESS CALL NUMBER | |
| Classification number | HF5415.2 |
| 100 ## - MAIN ENTRY--AUTHOR NAME | |
| Personal name | McDaniel, Carl Jr |
| Personal name | Gates, Roger |
| 245 ## - TITLE STATEMENT | |
| Title | Marketing research essential |
| 250 ## - EDITION STATEMENT | |
| Edition statement | 2nd edition |
| 260 ## - PUBLICATION, DISTRIBUTION, ETC. (IMPRINT) | |
| Place of publication | Cincinnati, Ohio |
| Name of publisher | South-Western College Publishing |
| Year of publication | 1998 |
| 300 ## - PHYSICAL DESCRIPTION | |
| Number of Pages | 481p. |
| Other physical details | xxii, ill. includes bibliographical references and index |
| 650 ## - SUBJECT ADDED ENTRY--TOPICAL TERM | |
| Topical Term | Marketing research |
| 942 ## - ADDED ENTRY ELEMENTS (KOHA) | |
| Koha item type | Books |
| Koha item type | Collection code | Shelving location | Accession Number | Permanent Location | Current Location | Date acquired | Full call number |
|---|---|---|---|---|---|---|---|
| Books | Lending | Lending | 2433 | Chapman Library | Chapman Library | 2016-01-20 | HF5415.2.M825mcd |
| Books | Lending | Lending | 2434 | Chapman Library | Chapman Library | 2016-01-20 | HF5415.2.M825mcd |

